000 00354nam a2200157Ia 4500
001 7784
003 GE_BSU
008 181216s||||||||xx |||||||||||||| ||und||
040 _cGE_BSU
245 4 _aThe Economist, August 31st-september 6th 2013
245 _bNumber 8851
260 _c2013
300 _a82pg;27sm.
653 _aThe Economist
942 _cCR
999 _c41134
_d41134